00292nam a2200097Ia 45000010005000000080041000050820023000461000020000692450088000892600017001771829241024s9999 xx 000 0 und d aRD/370.1/Z21d/2003 aJosefina Zaiter 0aDesigualdad y oportunidades educativas. Cuaderno de Educación Básica para todos bUNESCOc2003